| 000 | 00712nam a2200205 a 4500 | ||
|---|---|---|---|
| 005 | 20240127063551.0 | ||
| 008 | 050112s2000 ag r 000 0 spa d | ||
| 020 | _a9870000193 | ||
| 035 | _aUPN01000136945 | ||
| 049 | _aCG | ||
| 050 | 4 |
_aBF575 S7.5 _bL6.4 |
|
| 100 | 1 | _aLópez Rosetti, Daniel | |
| 245 | 1 | 0 |
_aEstrés : _bepidemia del siglo XXI : cómo entenderlo, enterderse y vencerlo / _cDaniel López Rosetti. |
| 260 |
_aBuenos Aires : _bLumen, _c2000. |
||
| 300 | _a255 p. | ||
| 500 | _aEn la pasta: Programa de autodiagnóstico y tratamiento del estrés con fundamento médico, conductual y filosófico | ||
| 650 | 2 |
_aEstrés (psicología) _96597 |
|
| 650 | 2 |
_aAutopercepción _93822 |
|
| 905 | _aLibro | ||
| 999 |
_c109096 _d109096 |
||